00000000nam 2200000zi 4500
0019.945468
003CaOODSP
00520241122135843
006m     o  d f      
007cr cn|||||||||
008241122e19900820onc     o    f000 0 fre d
040 |aCaOODSP|bfre|erda|cCaOODSP
043 |an-cn---
0861 |aCo22-683/1990F-PDF
24502|aL'émergence des nouveaux médias : |bnos politiques sont-elles adéquates? : rapport sur l'atelier qui a eu lieu le 25 juillet 1990 à Hull (Québec).
264 1|a[Ottawa] : |bCommunications Canada, Planification de la politique stratégique, |c20 août 1990.
300 |a1 ressource en ligne (vii, 23 pages, 2 pages non numérotées)
336 |atexte|btxt|2rdacontent/fre
337 |ainformatique|bc|2rdamedia/fre
338 |aressource en ligne|bcr|2rdacarrier/fre
500 |aÉdition numérisée de l'imprimé [par Innovation, sciences et développement économique Canada].
500 |aPublié aussi en anglais sous le titre : Emergence of the new media : are our policies adequate? : report on the workshop held on 25 July 1990, Hull, Québec.
61010|aCanada. |bCommunications Canada.
650 6|aCommunication et technologie|zCanada.
650 6|aTélécommunications|xInnovations|zCanada.
650 6|aMédias|xInnovations|zCanada.
7101 |aCanada. |bCommunications Canada, |eorganisme de publication.
77508|tEmergence of the new media : |w(CaOODSP)9.932826
85640|qPDF|s946 Ko|uhttps://publications.gc.ca/collections/collection_2024/isde-ised/co22/Co22-683-1990-fra.pdf